00337 a2200121 450000100060000010000110000624500360001726000200005309000170007394200220009099900190011295200840013117415 aQuddus aPakistan the task before nation abS.I. Gilanic c12868d12868 aNUST-CAEcMc3189 c252488d252488 001040708NFICaCAEbCAEd2017-04-03l0pCAE27491r2017-04-05w2017-04-05yBK